Platzierung der Gastgebermannschaft bei den Europameisterschaften - Statistiken

Allgemein
  • Dieses Quiz wurde 14 mal gespielt
    13 seit der letzten Aktualisierung
  • Das Durchschnittsergebnis liegt bei 10 aus 19
Antwortstatistiken
Hint Antwort % Korrekt
2016 Frankreich Zweiter Platz
82%
2008 Schweiz Gruppenphase
73%
1964 Spanien Sieger
73%
1968 Italien Sieger
73%
2024 Deutschland Viertelfinale
73%
2004 Portugal Zweiter Platz
73%
2012 Ukraine Gruppenphase
64%
1996 England Halbfinale
64%
1984 Frankreich Sieger
64%
2008 Österreich Gruppenphase
55%
1988 Westdeutschland Halbfinale
55%
2012 Polen Gruppenphase
45%
2000 Belgien Gruppenphase
36%
1992 Schweden Halbfinale
36%
2000 Niederlande Halbfinale
36%
1960 Frankreich Vierter Platz
18%
1980 Italien Vierter Platz
18%
1972 Belgien Dritter Platz
9%
1976 Jugoslawien Vierter Platz
9%
Keine übereinstimmenden Quizze gefunden
Verteilung der Resultate
Anzahl Personen mit jedem Resultat
Perzentil nach korrekt beantworteten Fragen
Ihre Resultats-Entwicklung
Sie haben dieses Quiz seit der letzten Aktualisierung nicht gespielt